| 000 | 00861cam a2200205 i 4500 | ||
|---|---|---|---|
| 005 | 20251214100508.0 | ||
| 008 | 250721s2022 jo gr 000 0 ara d | ||
| 020 | _a9789923254738 | ||
| 082 | 1 | 4 |
_a216.53 _bح س ن |
| 100 | 1 |
_aحسن، ناصر احمد موسى _eمؤلف. |
|
| 245 | 1 | 0 |
_aكيفية اعداد امرأة عصرية وفق الشريعة الاسلامية / _cناصر أحمد موسى حسن. |
| 250 | _aالطبعة الأولى. | ||
| 264 | 3 | 1 |
_aعمان : _bدار امجد للنشر والتوزيع، _c2022. |
| 264 | 3 | 1 |
_aعمان : _bدار كفاءة المعرفة طباعة - نشر-توزيع، _c2022. |
| 264 | 3 | 1 |
_aعمان : _bابصار ناشرون وموزعون، _c2022. |
| 300 | _a126 صفحة. | ||
| 650 | 1 | 7 | _aالعلاقات داخل الاسرة. |
| 942 |
_2ddc _cBK |
||
| 999 |
_c143913 _d143913 |
||